000 00425nam a2200181Ia 4500
001 22440
005 20260414150831.0
008 260414t2005||||xx |||||||||||||| ||spa||
041 _aESP
082 _a621.3813
_bP83
100 _aPozar, David M.
_eAUT
245 0 _aMicrowave engineering
_b
260 _c2005
300 _axvii, 700 páginas :
_c26 cm.
650 _aTCA
654 _aCET
942 _cLIB
_dJUS
_fJUS
_2ddc
_n
999 _c22440
_d22440